书目信息 |
| 题名: |
财务成本管理经典题解
|
|
| 作者: | 陈华亭 , 刘立强 主编 | |
| 分册: | ||
| 出版信息: | 上海 立信会计出版社 2008.04 |
|
| 页数: | 369页 | |
| 开本: | 26cm | |
| 丛书名: | 2008年度注册会计师全国统一考试梦想成真系列辅导丛书 | |
| 单 册: | ||
| 中图分类: | F275.3-44 | |
| 科图分类: | ||
| 主题词: | 成本管理 | |
| 电子资源: | ||
| ISBN: | 978-7-5429-2016-4 | |
| 000 | 00789nam0 2200229 450 | |
| 001 | 0856566237 | |
| 005 | 20081217095513.05 | |
| 010 | @a978-7-5429-2016-4@dCNY32.00 | |
| 100 | @a20081215d2008 km y0chiy0120 ea | |
| 101 | 0 | @achi |
| 102 | @aCN@b310000 | |
| 200 | 1 | @a财务成本管理经典题解@Acai wu cheng ben guan li jing dian ti jie@f陈华亭,刘立强主编@Fchen hua ting,liu li qiang zhu bian |
| 210 | @a上海@c立信会计出版社@d2008.04 | |
| 215 | @a369页@d26cm | |
| 225 | 2 | @a2008年度注册会计师全国统一考试梦想成真系列辅导丛书 |
| 410 | 0 | @12001 @a2008年度注册会计师全国统一考试梦想成真系列辅导丛书 |
| 606 | 0 | @a成本管理 |
| 690 | @aF275.3-44@v4 | |
| 701 | 0 | @a陈华亭@Achen hua ting@4主编 |
| 701 | 0 | @a刘立强@Aliu li qiang@4主编 |
| 801 | 0 | @aCN@bNISOFT@c20081217 |
| 905 | @aBZT@dF275.3-44@e1@f5 | |
| 财务成本管理经典题解/陈华亭,刘立强主编.-上海:立信会计出版社,2008.04 |
| 369页;26cm.-(2008年度注册会计师全国统一考试梦想成真系列辅导丛书) |
| ISBN 978-7-5429-2016-4:CNY32.00 |
| ● |
| 相关链接 |
|
|
|
正题名:财务成本管理经典题解
索取号:F275.3-44/1
 
预约/预借
| 序号 | 登录号 | 条形码 | 馆藏地/架位号 | 状态 | 备注 |
| 1 | 0691122 | 2000691122 | 样本书库/样002架B面4层1列/ [索取号:F275.3-44/1] | 在馆 | |
| 2 | 0691123 | 2000691123 | 中心书库北库/ 北库014架A面4列3层11/ [索取号:F275.3-44/1] | 在馆 | |
| 3 | 0691124 | 2000691124 | 中心书库北库/ 北库013架B面4列3层21/ [索取号:F275.3-44/1] | 在馆 | |
| 4 | 0691125 | 2000691125 | 中心书库北库/ 北库014架A面4列3层13/ [索取号:F275.3-44/1] | 在馆 | |
| 5 | 0691126 | 2000691126 | 中心书库北库/ 北库014架A面4列3层12/ [索取号:F275.3-44/1] | 在馆 |